Laporan pasaran harta Jan-Jun 2000 : sektor kediaman : Property market report Jan-Jun 2000 : residential sector

Bibliographic Details
Corporate Author: Jabatan Penilaian dan Perkhidmatan Harta
Format: Book
Published: Kuala Lumpur : Jabatan Penilaian dan Perkhidmatan Harta , 1999
Subjects:

MARC

LEADER 00000cam a2200000 7i4500
001 0000007376
005 20050425.0
022 0 |a 15115038 
040 |a INS 
090 0 0 |a R333.338   |b LAP 1999 
245 1 0 |a Laporan pasaran harta Jan-Jun 2000 : sektor kediaman :   |b Property market report Jan-Jun 2000 : residential sector   |c Jabatan Penilaian dan Perkhidmatan Harta 
260 |a Kuala Lumpur :   |b Jabatan Penilaian dan Perkhidmatan Harta ,   |c 1999 
300 |a 181 ms. ;   |c 29 cm. 
650 0 0 |a Real property   |z Malaysia 
650 0 0 |a Residential property   |z Malaysia 
710 2 |a Jabatan Penilaian dan Perkhidmatan Harta 
999 |a 0000007776   |b BOOK   |c Reference   |e Default branch